Living abundantly; vol. 1. (Record no. 5818)

000 -LEADER
fixed length control field 00768nam a2200217 a 4500
001 - CONTROL NUMBER
control field :::00003560$&:&@@
003 - CONTROL NUMBER IDENTIFIER
control field OkBaRHE
005 - DATE AND TIME OF LATEST TRANSACTION
control field 20110921140350.0
008 - FIXED-LENGTH DATA ELEMENTS--GENERAL INFORMATION
fixed length control field s1973 j 000 0 eng u
040 ## - CATALOGING SOURCE
Transcribing agency
100 1# - MAIN ENTRY--PERSONAL NAME
Personal name Epp, Theodore H.
245 10 - TITLE STATEMENT
Title Living abundantly; vol. 1.
260 ## - PUBLICATION, DISTRIBUTION, ETC. (IMPRINT)
Place of publication, distribution, etc Lincoln, NE., :
Name of publisher, distributor, etc Back to the Bible
Date of publication, distribution, etc c1973
300 ## - PHYSICAL DESCRIPTION
Extent v. (1-3) ;
Dimensions 22 cm.
650 ## - SUBJECT ADDED ENTRY--TOPICAL TERM
Topical term or geographic name as entry element Bible New Testament Ephesians
General subdivision Study
650 ## - SUBJECT ADDED ENTRY--TOPICAL TERM
Topical term or geographic name as entry element Christian Life
650 ## - SUBJECT ADDED ENTRY--TOPICAL TERM
Topical term or geographic name as entry element Spiritual Life
942 ## - ADDED ENTRY ELEMENTS (KOHA)
Source of classification or shelving scheme
Koha item type Books
Copies
Permanent Location Date checked out Total Checkouts Source of classification or shelving scheme Date last seen Current Location Lost status Barcode Koha item type Damaged status Shelving location Date acquired Not for loan Withdrawn status Full call number Price effective from Copy number
RHEMA Bible Training College   2018-04-03  3560Books General Stacks2010-04-14  BS 2695 .E62010-04-141
RHEMA Bible Training College2012-03-153 2018-04-03RHEMA Bible Training College 18528Books General Stacks2010-04-14  BS 2695 .E62010-04-142